000 00327nam a22001097a 4500
008 170119b xxu||||| |||| 00| 0 eng d
020 _a9780838501740
041 _aeng
080 _22ND
_a618.2
245 _aNURSING MANAGEMENT OF ADULTS WITH HEPATOBILIARY & EXOCRINE PANCREAS PROBLEMS
_cBURRELL & GERLACH & PLESS
942 _2udc
_cBK
999 _c3183
_d3183